Presidential Resumés - Statistics

General Stats
  • This quiz has been taken 33 times
  • The average score is 8 of 13
Answer Stats
Hint Answer % Correct
Owner of The _____ Organization, Reality TV Personality Donald Trump
100%
Peanut Farmer, Lieutenant in U.S. Navy, Member of State Senate, Governor Jimmy Carter
100%
Owner of energy companies, Partial owner of the Texas Rangers, First Lieutenant in U.S. Air Force, Governor George W. Bush
90%
Actor, Captain in U.S. Army, President of the Screen Actors Guild, Governor Ronald Reagan
90%
College football player, Lawyer, Lieutenant commander in U.S. Navy, Member of the U.S. House of Representatives, Vice President Gerald R. Ford
66%
Lawyer, Chief Justice of State Superior Court of Judicature, Chairman of the Marine Committee, Minister to the Netherlands, Minister to Great Britain, Vice President John Adams
52%
Lawyer, Colonel in State Militia, Minister to France, Secretary of State, Vice President Thomas Jefferson
52%
Lawyer, State Senator, Assistant Secretary of the Navy, Governor Franklin D. Roosevelt
48%
Lieutenant in U.S. Navy, Member of the U.S. House of Representatives, U.S Senator John F. Kennedy
48%
Brigadier General in Army, Member of U.S. House of Representatives, Governor, U.S. Senator, Vice President Andrew Johnson
45%
Lawyer, Commander in U.S Navy, Member of the U.S. House of Representatives, U.S. Senator, Vice President Richard Nixon
45%
Private in State Militia, Lawyer, Member of State House of Representatives, Member of the U.S. House of Representatives Abraham Lincoln
31%
Member of State House of Representatives, Captain in state militia, Lawyer, Member of the U.S. House of Representatives, Speaker of the U.S. House of Representatives, Governor James K. Polk
31%
No matching quizzes found
Score Distribution
Percent of People with Each Score
Percentile by Number Answered
Your Score History
You have not taken this quiz